000 01020naa a22001817a 4500
003 KOSZ 005
005 20170420133544.0
008 170419b2000 pl ||||| |||| 00| 0pol
040 _cBPK
080 _a005.6
100 _aOLKIEWICZ, Marcin.
_d2004 - .
_bPolitechnika Koszalińska - Wydział Ekonomii i Zarządzania,
_cKatedra Zarządzania
245 _aZarządzanie jakością w sektorze bankowym w dobie wejścia do Unii Europejskiej /
_cMarcin Olkiewicz.
260 _c2003.
655 0 _aMateriały konferencyjne.
711 _aOgólnopolska Konferencja Naukowa : Rynki finansowe w przestrzeni elektronicznej. Aspekty ekonomiczne i pozaekonomiczne, Uniwersytet Szczeciński
_p(3 ;
_d2003 ;
_cSzczecin, Polska).
773 _iIII Ogólnopolska Konferencja Naukowa : Rynki finansowe w przstrzeni elektronicznej. Aspekty ekonomiczne i pozaekonomiczne, Uniwersytet Szczeciński. -
_tZarządzanie jakością w sektorze bankowym w dobie wejścia do Unii Europejskiej. -
_g2003, s. 183-192
942 _cART
_2UKD
999 _c8230
_d8230